000 004450000a22001810004500
003 MACL
005 20150830173345.0
008 150830b xxu||||| |||| 00| 0 eng d
040 _aMACL
_cMACL
041 _aEnglish
082 _a800
100 _aGaur, Ved Prakash
_98156
245 _aIndian Thought And Existentialism
260 _bEastern Books Linkers
_c1985
_aDelhi
350 _a75
650 _aLiterature
_98157
942 _cBK
_k800
_2ddc
999 _c5416
_d5416